000 00332pab a2200145 454500
008 180718b1995 xxu||||| |||| 00| 0 eng d
100 _aHardwari Lal
245 _aFunding education.
260 _c1995
300 _ap.11
362 _a12 Jun
650 _aEducation, Higher - India
773 _aHindustan Times
909 _a29219
999 _c29219
_d29219